| 000 | 00392nam a2200133Ia 4500 | ||
|---|---|---|---|
| 008 | 211118s9999||||xx |||||||||||||| ||und|| | ||
| 082 |
_a894.812 _bNAN-N |
||
| 100 | _aNandanar, | ||
| 245 | 0 | _aNandanarute Kathakal | |
| 260 |
_bSimon & Schuster _aNew Delhi _c1999 |
||
| 630 | _xGeneral Stack | ||
| 650 |
_aMalayalam Literature _valtaic,uralic,hyperborean and dravidianGeneralia |
||
| 942 | _cBOOK | ||
| 999 |
_c98666 _d98666 |
||